000 00517nam a2200181 i 4500
001 61331
003 ES-MaACL
005 20230906164431.0
007 t|
008 031111s1966 sp ||||1| spa d
100 1 _aEvely, Louis.
_948385
245 1 0 _aEse hombre eres tu /
_cAbate Luis Evely ; [traductor Manuel Villares Barrio].
250 _a5ยช ed.
260 _aMadrid :
_bAtenas,
_c[1966]
300 _a206 p. ;
_c18 cm.
700 1 _aVillares Barrio, Manuel.
_9115117
852 _aES-MaACL
_jC-31145
_bR.61399
999 _c61331
_d61331